00613nam a2200193 450000500170000000700040001700800040002102000150002504000090004005000260004911000860007524500550016126000860021630000190030250000280032150500080034965000300035765000320038720150709150955.0000000 a0643022597 aUOEL aSD399.5b.W6 1978 V.2 aWorld consultation on forest tree breedingcCanberra, Australiad21-26 March 1977 aThird World consultation on forest tree breeding / aCanberra :bCommonwealth Scientific and Industrial Research Organization,cc1978. aviii,1235 p, ; aIncludes bibliographies aV.2 aTree BreedingvCongresses aForest GeneticsvCongresses